Discursos predicables sobre todos los Evangelios que canta la iglesia, en las festividades de Christo Nuestro Redemptor / compuestos por el Padre Fray Diego Murillo, lector de theologia, y guardian del Collegio de San Diego de Zaragoza, de la Orden de Nuestro Seraphico Padre San Francisco

Detalles Bibliográficos
Autor principal: Murillo, Diego, O. F. M., 1555-1616
Formato: Libro
Lenguaje:Undetermined
Spanish
Publicado: en Zaragoza : por Angelo Taevanno, 1607.
Materias:
Colección:Banco de datos
Acervo:Museo Virreinal de Zinacantepec. Estado de México
Descripción Física:2 t. en 1 v. ; 4°
Tema general:Homilética
Notas:Portada a dos tintas con grabado central xilográfico. Marca de fuego: Convento de Santiago de Chalco, orden franciscana. Inscripción manuscrita en el canto lateral: " Vitaxpi de Murillo ". Anotación manuscrita de Fray Diego Murillo. Encuadernación en piel sobre cartón. Daños de humedad y en la encuadernación
LEADER 01073nam a2200169Ia 4500
008 150723s9999 xx 000 0 und d
041 0 |a spa 
100 1 |a Murillo, Diego, O. F. M., 1555-1616 
245 1 0 |a Discursos predicables sobre todos los Evangelios que canta la iglesia, en las festividades de Christo Nuestro Redemptor / compuestos por el Padre Fray Diego Murillo, lector de theologia, y guardian del Collegio de San Diego de Zaragoza, de la Orden de Nuestro Seraphico Padre San Francisco 
260 |a en Zaragoza : por Angelo Taevanno, 1607. 
300 |a 2 t. en 1 v. ; 4° 
500 |a Portada a dos tintas con grabado central xilográfico. Marca de fuego: Convento de Santiago de Chalco, orden franciscana. Inscripción manuscrita en el canto lateral: " Vitaxpi de Murillo ". Anotación manuscrita de Fray Diego Murillo. Encuadernación en piel sobre cartón. Daños de humedad y en la encuadernación 
650 1 0 |a Homilética 
949 |a t. 1 (320), t. 2 (320) 
942 |c ZINACA 
943 |g Museo Virreinal de Zinacantepec. Estado de México 
999 |c 1105678  |d 1105678